Normal view
MARC view
- العلوم الاجتماعية - التعليم العالي - البلاد العربية
Entry Topical Term
001 - CONTROL NUMBER
- control field: 56711
003 - CONTROL NUMBER IDENTIFIER
- control field: JO-AjAnu
005 - DATE AND TIME OF LATEST TRANSACTION
- control field: 20230606083307.0
008 - FIXED-LENGTH DATA ELEMENTS
- fixed length control field: 230606|| aca||aabn | a|a d
040 ## - CATALOGING SOURCE
- Original cataloging agency: JO-AjAnu
- Transcribing agency: JO-AjAnu
150 ## - HEADING--TOPICAL TERM
- Topical term or geographic name entry element: العلوم الاجتماعية - التعليم العالي - البلاد العربية
670 ## - SOURCE DATA FOUND
- Source citation: Work cat.: (JO-AjAnu)28939: منتدى الفكر العربي، عمان؛ تحرير فاتن خليل البستاني, author 56710, التعليم العالي في البلدان العربية: السياسات والآفاق